Geer van Velde / (Record no. 26378)
[ view plain ]
| 000 -LEADER | |
|---|---|
| fixed length control field | 01026cam a2200289 a 4500 |
| 001 - CONTROL NUMBER | |
| control field | 4354652 |
| 005 - DATE AND TIME OF LATEST TRANSACTION | |
| control field | 20170204100158.0 |
| 008 - FIXED-LENGTH DATA ELEMENTS--GENERAL INFORMATION | |
| fixed length control field | 891103s1989 fr a b 000 0 fre |
| 010 ## - LIBRARY OF CONGRESS CONTROL NUMBER | |
| LC control number | 89203453 |
| 020 ## - INTERNATIONAL STANDARD BOOK NUMBER | |
| International Standard Book Number | 2851171046 |
| 050 00 - LIBRARY OF CONGRESS CALL NUMBER | |
| Classification number | ND653.V418V53 1989 |
| 100 1# - MAIN ENTRY--PERSONAL NAME | |
| Personal name | Viatte, Germain. |
| 245 10 - TITLE STATEMENT | |
| Title | Geer van Velde / |
| Statement of responsibility, etc. | Germain Viatte. |
| 260 ## - PUBLICATION, DISTRIBUTION, ETC. (IMPRINT) | |
| Place of publication, distribution, etc. | [Paris] : |
| Name of publisher, distributor, etc. | Editions "Cahiers d'art", |
| Date of publication, distribution, etc. | c1989. |
| 300 ## - PHYSICAL DESCRIPTION | |
| Extent | 221 p. : |
| Other physical details | ill. (some col.) ; |
| Dimensions | 31 cm. |
| 500 ## - GENERAL NOTE | |
| General note | French, Dutch, and English. |
| 504 ## - BIBLIOGRAPHY, ETC. NOTE | |
| Bibliography, etc | Includes bibliographical references (p. 215-217). |
| 600 10 - SUBJECT ADDED ENTRY--PERSONAL NAME | |
| Personal name | Velde, Geer van, |
| Dates associated with a name | 1898-1977 |
| General subdivision | Criticism and interpretation. |
| 942 ## - ADDED ENTRY ELEMENTS (KOHA) | |
| Source of classification or shelving scheme | |
| Koha item type | Hard Covered Materials |
| Withdrawn status | Lost status | Source of classification or shelving scheme | Damaged status | Not for loan | Home library | Current library | Shelving location | Date acquired | Source of acquisition | Total Checkouts | Full call number | Barcode | Date last seen | Price effective from | Koha item type |
|---|---|---|---|---|---|---|---|---|---|---|---|---|---|---|---|
| MACHAKOS UNIVERSITY LIBRARY | MACHAKOS UNIVERSITY LIBRARY | Technical section | 04/02/2017 | Donation(BFA) | ND653.V418V53 1989 | 33951 | 31/05/2018 | 04/02/2017 | Hard Covered Materials |